|
|
|
|
| LEADER |
02310nim a2200421 a 4500 |
| 001 |
000280755 |
| 003 |
CZ BrMZK |
| 005 |
20210413095812.0 |
| 007 |
ss lsnjlcmpnzu |
| 008 |
950101s1997 xr f cze d |
| 028 |
0 |
3 |
|a 1 0312-4 831
|b Gramofonové závody
|
| 040 |
|
|
|a BOA001
|b cze
|
| 080 |
|
|
|a 885.0-93-31(086.7)
|2 MRF
|
| 100 |
1 |
|
|a Kubátová, Marie,
|d 1922-2013
|7 jk01070282
|4 aut
|
| 245 |
1 |
0 |
|a Jak Krakonoš vytrestal Trautenberka
|h [zvukový záznam] :
|c audio verze Marie Kubátové na motivy televizních večerníčků
|
| 260 |
|
|
|a Loděnice :
|b Gramofonové závody,
|c p1997
|
| 300 |
|
|
|a 1 zvuková kazeta (46:10) :
|b analog, Dolby system
|
| 306 |
|
|
|a 004610
|
| 505 |
0 |
0 |
|t Jak Trautenberk poslal Kubu pro pírko ptačího rytíře --
|t Jak si Trautenberk vyhříval chřipku při Krakonošově dříví --
|t O Krakonošově fajfce --
|t Jak poslal Trautenberk Kubu na vojnu
|
| 508 |
|
|
|a Režie Jiří Šrámek; hudební improvizace Jaromír Klempíř
|
| 511 |
0 |
|
|a Libuše Havelková (vypravěčka), Radoslav Brzobohatý (Krakonoš), Josef Větrovec (Trautenberk), Lubomír Lipský (Hajnej), Hana Maciuchová (Anče), Jaroslav Satoranský (Kuba), Jiří Bruder (Zaječí pantáta), Jana Boušková,Mirka Svobodová, Magdalena Koťová (zajíci a polní strašáci)
|
| 518 |
|
|
|a Natočeno ve studiu Largo v říjnu 1997
|
| 530 |
|
|
|a Vydáno také na kompaktní desce s objednacím číslem: L1 0312-2 831
|
| 700 |
1 |
|
|a Svobodová, Mirka
|4 prf
|
| 700 |
1 |
|
|a Větrovec, Josef,
|d 1922-2002
|7 jn19990209986
|4 prf
|
| 700 |
1 |
|
|a Klempíř, Jaromír,
|d 1944-2016
|7 jk01060397
|4 cmp
|4 prf
|
| 700 |
1 |
|
|a Boušková, Jana,
|d 1970-
|7 jn20000400237
|4 prf
|
| 700 |
1 |
|
|a Bruder, Jiří,
|d 1928-2014
|7 jo2001100195
|4 prf
|
| 700 |
1 |
|
|a Brzobohatý, Radoslav,
|d 1932-2012
|7 jn19990009812
|4 prf
|
| 700 |
1 |
|
|a Havelková, Libuše,
|d 1924-2017
|7 jn19981001434
|4 prf
|
| 700 |
1 |
|
|a Koťová, Magdalena
|4 prf
|
| 700 |
1 |
|
|a Lipský, Lubomír,
|d 1923-2015
|7 jn19990209489
|4 prf
|
| 700 |
1 |
|
|a Šrámek, Jiří,
|d 1920-2004
|7 jk01130985
|4 drt
|
| 700 |
1 |
|
|a Maciuchová, Hana,
|d 1945-2021
|7 jn19990209503
|4 prf
|
| 700 |
1 |
|
|a Satoranský, Jaroslav,
|d 1939-
|7 jn19990009977
|4 prf
|
| 910 |
|
|
|a BOA001
|b KZ-0005.631
|
| 990 |
|
|
|a AV
|
| 996 |
6 |
|
|b 261H005848
|c KZ-0005.631
|l MZK
|r Sklad / do 24 hodin
|n 0
|p p.v.
|w 000280755
|u 000010
|a 1
|e BOA001
|j MZK50
|s P
|